Introducción a la historia de las religiones: hombres, ritos, dioses
Guardat en:
| Autor principal: | |
|---|---|
| Format: | Llibre |
| Idioma: | espanyol |
| Publicat: |
Madrid, España:
Trotta,
2002.
|
| Edició: | 3a. ed |
| Col·lecció: | Colección Paradigmas, 10
|
| Matèries: | |
| Etiquetes: |
Afegir etiqueta
Sense etiquetes, Sigues el primer a etiquetar aquest registre!
|
MARC
| LEADER | 00000nam a2200000 a 4500 | ||
|---|---|---|---|
| 001 | UCL0132 | ||
| 003 | CL-VaPUC | ||
| 005 | 20241220153939.0 | ||
| 008 | 030627e20020000SP |||||||||||||||||spa|d | ||
| 999 | |c 304154 |d 304152 | ||
| 040 | |c Pontificia Universidad Católica de Valparaíso | ||
| 082 | 0 | 4 | |a 291 |b DIE |2 21 |
| 100 | |a Díez de Velasco, Francisco |e autor |9 584547 | ||
| 245 | 1 | 0 | |a Introducción a la historia de las religiones: hombres, ritos, dioses |
| 250 | |a 3a. ed | ||
| 260 | |a Madrid, España: |b Trotta, |c 2002. | ||
| 300 | |a 568 páginas. | ||
| 490 | 0 | |a Colección Paradigmas, 10 | |
| 583 | |a last modification |c 20030627 00:00:00 |k Rodrigo Vera | ||
| 650 | 0 | |a Religiones |9 265211 |x Historia |x Taoísmo |x Budismo |x Hinduismo |x Islam |x Judaísmo |x Celtas |x Germanos |x Romanos |x Griegos |x Romanos | |
| 650 | 0 | |a Religiones primitivas |9 335330 | |
| 650 | 0 | |a Indios de América |9 895017 |x Religión | |
| 942 | |c BK |2 ddc | ||
| 945 | |d 20030627 00:00:00 |a cmena | ||
| 952 | |0 0 |1 0 |4 0 |6 291_000000000000000_DIE_2002 |7 0 |8 A |9 366035 |a BIBTEO |b BIBTEO |d 2019-11-21 |i 3917320 |l 1 |m 6 |o 291 DIE 2002 |p 3917320 |r 2024-04-25 |s 2023-09-06 |w 2019-11-21 |y BK |k ICR | ||
| 952 | |0 0 |1 2 |4 0 |6 291_000000000000000_DIE_2002 |7 0 |8 A |9 366036 |a BIBTEO |b BIBTEO |d 2019-11-21 |i 3917339 |o 291 DIE 2002 |p 3917339 |r 2019-11-21 |w 2019-11-21 |y BK |k ICR | ||